| 000 | 00510nam a2200181Ia 4500 | ||
|---|---|---|---|
| 999 |
_c1978 _d1978 |
||
| 003 | OSt | ||
| 005 | 20200820094734.0 | ||
| 008 | 190216s9999||||xx |||||||||||||| ||und|| | ||
| 040 | _coclc | ||
| 082 |
_a541 _bGLA/T |
||
| 100 |
_aGlasstone, Samuel _94184 |
||
| 245 | 0 |
_aTextbook Of Physical Chemistry / _cSamuel Glasstone |
|
| 250 | _a2nd Ed. | ||
| 260 |
_bMacmillan Co, _c1968. _aLondon: |
||
| 300 | _a1316p | ||
| 650 | _aChemistry-Chemistry | ||
| 942 |
_cBK _2ddc _h541 _iGLA/T _k541 _mGLA/T |
||